| 000 | 00385pam a2200145a 44500 | ||
|---|---|---|---|
| 008 | 230405s2022 xxu||||| |||| 00| 0 eng d | ||
| 020 | _a9789393885050 | ||
| 082 |
_a610.73 _bAUR |
||
| 100 | _aAurasang, C. | ||
| 245 | _aFundamentals of Nursing Practical Record Book | ||
| 260 |
_aBangalore _bEMMESS Medical Publishers _c2022 |
||
| 300 | _a514 p. | ||
| 502 | _atext | ||
| 906 | _a004576 | ||
| 999 |
_c252593 _d252593 |
||